'U' or 'V' Books by Cover Quiz Stats

 Plays Quiz Updated Jul 24, 2015

Also try: 'T' Books by Cover
Challenge
Share
Tweet
Score 0/12 Timer 04:00
5 Plays Today
Book % Correct
C1The Very Hungry Caterpillar
82.7%
A2Ulysses
79.8%
C5V for Vendetta
76.8%
A3Uncle Tom's Cabin
76.7%
B2The Ugly Duckling
70.6%
C4The Velveteen Rabbit
69.7%
B3Under the Dome
52.5%
C2Vanity Fair
41%
B1Utopia
40.5%
A1The Unbearable Lightness of Being
26.8%
B5Vampire Academy
25%
A5Uglies
19.9%

You're not logged in!

Compare scores with friends on all Sporcle quizzes.
Join for Free
OR
Log In

You Might Also Like...

Show Comments

Extras

Top Quizzes Today


Score Distribution

Your Account Isn't Verified!

In order to create a playlist on Sporcle, you need to verify the email address you used during registration. Go to your Sporcle Settings to finish the process.

Report this User

Report this user for behavior that violates our Community Guidelines.

Details: